000 00629nam a2200229 i 4500
001 82214
003 ES-MaACL
005 20260507121455.0
007 t|
008 041201s1996 sp ||||1| spa d
020 _a84-339-1463-4
080 _a86-311.1"19"
080 _a86(Marías,J.7 C.01)
100 _aMarías, Javier,
_d1951-2022
_9239206
245 1 0 _aCorazón tan blanco /
_cJavier Marías.
260 _aBarcelona :
_bAnagrama,
_c1996.
300 _a301 p. ;
_c22 cm.
490 1 _aCompactos Anagrama
830 0 _aCompactos Anagrama
_9180205
852 _aES-MaACL
_jE-10536
_bR.134674
999 _c82214
_d82214